| 000 | 00848nam a2200205Ia 4500 | ||
|---|---|---|---|
| 001 | 163574 | ||
| 003 | 258897 | ||
| 005 | 20250220142406.0 | ||
| 008 | 191107e ck ||||||m| 000 0 spa d | ||
| 041 | _aspa | ||
| 100 |
_aMoreno Mancipe, Carmen Rocío _9206047 |
||
| 245 | 0 | _aEfectividad de la vigilancia de la carrera administrativa, en el marco del proceso sancionatorio y disciplinario atribuibles a la CNSC y al Ministerio Público | |
| 504 | _aBibliografía: páginas 125-135 | ||
| 562 | _e1 | ||
| 650 | 0 |
_aCarrera administrativa _94786 |
|
| 650 | 0 |
_aComisión Nacional del Servicio Civil - CNSC _933133 |
|
| 650 |
_aESCUELA SUPERIOR DE ADMINISTRACIÓN PÚBLICA (BOYACÁ)--TESIS Y DISERTACIONES ACADÉMICAS _9130960 |
||
| 650 |
_aMAGISTER EN ADMINISTRACIÓN PÚBLICA (BOYACÁ)--TESIS Y DISERTACIONES ACADÉMICAS _9206048 |
||
| 942 | _cTESIS | ||
| 999 |
_c163574 _d163574 |
||